书目信息 |
| 题名: |
中年保健
|
|
| 作者: | 余荣华 主编 | |
| 分册: | ||
| 出版信息: | 北京 科学技术文献出版社 2000.02 |
|
| 页数: | 341页 | |
| 开本: | 32开 | |
| 丛书名: | ||
| 单 册: | ||
| 中图分类: | R161.6 | |
| 科图分类: | ||
| 主题词: | 个人卫生 | |
| 电子资源: | ||
| ISBN: | 7-5023-3394-0 | |
| 000 | 00543nam0 2200193 45 | |
| 001 | 0009292043 | |
| 005 | 20000929200751.3 | |
| 010 | @a7-5023-3394-0@d16.00元 | |
| 100 | @a20000929d2000 km y0chiy0120 ea | |
| 101 | 0 | @achi |
| 105 | @a z 000yy | |
| 200 | 1 | @a中年保健@AZhong Nian Bao Jian@f余荣华 主编@FYu Rong Hua Zhu Bian |
| 210 | @a北京@c科学技术文献出版社@d2000.02 | |
| 215 | @a341页@d32开 | |
| 606 | 0 | @a个人卫生 |
| 690 | @aR161.6@v3 | |
| 701 | 0 | @a余荣华@4主编 |
| 801 | @aCN@bPftUser@c20000929 | |
| 905 | @b159954-956@dR161.6@eY329=2@f3 | |
| 中年保健/余荣华 主编.-北京:科学技术文献出版社,2000.02 |
| 341页;32开 |
| ISBN 7-5023-3394-0:16.00元 |
| ● |
| 相关链接 |
|
|
|
正题名:中年保健
索取号:R161.6/Y329=2
 
预约/预借
| 序号 | 登录号 | 条形码 | 馆藏地/架位号 | 状态 | 备注 |
| 1 | 0159955 | 201599555 | 自科库401/401自科库 6排1列5层/ [索取号:R161.6/Y329=2] | 在馆 | |
| 2 | 159954 | 201599546 | 自科库401/401自科库 6排1列5层/ [索取号:R161.6/Y329=2] | 在馆 |